| 000 | 01402nam a2200361 c 4500 | ||
|---|---|---|---|
| 001 | 59166 | ||
| 003 | CO-BoRNBP | ||
| 005 | 20250913142417.0 | ||
| 007 | ta | ||
| 008 | 200115s2019 ck 000 0 spa d | ||
| 020 | _a9789585685215 | ||
| 040 |
_aCO-BoRNBP _bspa _erda _cCO-BoRNBP |
||
| 041 | 0 | _aspa | |
| 043 | _as-ck--- | ||
| 084 | _aC SIE11 | ||
| 100 |
_aSierra Rueda, Manuel José, _d1948-2017 _eaut _964949 |
||
| 245 | 1 | 0 |
_aRelatos y partituras del deseo / _cManuel José Sierra Rueda ; prólogo, Darío Iturregui Duque. |
| 250 | _aPrimera edición | ||
| 264 | 1 |
_aCali, Colombia : _bDomus Teatro, _c2019 |
|
| 300 |
_a134 páginas : _bilustraciones, fotografías en color |
||
| 336 |
_atexto _btxt _2rdacontent |
||
| 337 |
_asin mediación _bn _2rdamedia |
||
| 338 |
_avolumen _bnc _2rdacarrier |
||
| 500 | _aRecomendado para público adulto \ Incluye datos biográficos del autor en la solapa | ||
| 505 | 0 | _aTragodias de guerra Escenas breves Erótica porno Partituras sueltas Crípticos Canta | |
| 650 | 0 | 7 |
_aVida cotidiana _vCuentos _2LEMB _91840 |
| 650 | 0 | 7 |
_aViolencia _vCuentos _2LEMB _92210 |
| 650 | 0 | 4 |
_aCuentos colombianos _ySiglo XX _2LEMB _91206 |
| 650 | 0 | 4 |
_aLiteratura colombiana _2LEMB _91068 |
| 700 |
_aIturregui Duque, Darío, _ewfw _964950 |
||
| 740 | 0 | _aTragodias de guerra \ Escenas breves \ Erótica porno \ Partituras sueltas \ Crípticos \ Canta | |
| 942 |
_2loc _cBKLIT |
||
| 999 |
_c59166 _d59166 |
||